ბათუმის შოთა რუსთაველის სახელმწიფო უნივერსიტეტის ბიბლიოთეკა

ჩემი ბასკეთი (ბიბ.ჩანაწერი № 50510)

000 -LEADER
fixed length control field 00638nam a2200205Ia 4500
001 - CONTROL NUMBER
control field 17459
003 - CONTROL NUMBER IDENTIFIER
control field GE_BSU
008 - FIXED-LENGTH DATA ELEMENTS--GENERAL INFORMATION
fixed length control field 181216s||||||||xx |||||||||||||| ||und||
040 ## - CATALOGING SOURCE
Transcribing agency GE_BSU
080 ## - UNIVERSAL DECIMAL CLASSIFICATION NUMBER
Universal Decimal Classification number 908(460) + 821.353.1-94
100 ## - MAIN ENTRY--PERSONAL NAME
Personal name მინტეგი ბილბაო,მარტინა
245 ## - TITLE STATEMENT
Title ჩემი ბასკეთი
245 ## - TITLE STATEMENT
Statement of responsibility, etc. რედ.:ლ.გოგოხია;მხატვ.:ნ.იანქოშვილი
260 ## - PUBLICATION, DISTRIBUTION, ETC.
Place of publication, distribution, etc. თბილისი
260 ## - PUBLICATION, DISTRIBUTION, ETC.
Name of publisher, distributor, etc. ნაკადული
260 ## - PUBLICATION, DISTRIBUTION, ETC.
Date of publication, distribution, etc. 1967
300 ## - PHYSICAL DESCRIPTION
Extent 60გვ. ; 20სმ.
653 ## - INDEX TERM--UNCONTROLLED
Uncontrolled term ბასკეთი
942 ## - ADDED ENTRY ELEMENTS (KOHA)
Koha item type წიგნი
ეგზემპლარები
Withdrawn status Lost status Damaged status Not for loan Date acquired Barcode Date last seen Price effective from Koha item type Public note
        2018-12-17 41512 2018-12-17 2018-12-17 წიგნი აგრარული ტექ.ფაკ.